Guess The Brand! #2 - Statistics

General Stats
  • This quiz has been taken 249 times
    94 since last reset
  • The average score is 51 of 69
Answer Stats
Picture Hint Answer % Correct
Fashion Adidas
94%
Web & Apps Firefox
92%
Car BMW
91%
Car Honda
91%
Fashion Puma
91%
Car Ford
90%
Car Toyota
90%
Web & Apps Youtube
90%
Petrol Shell
88%
Web & Apps Yahoo
88%
Car Audi
87%
Fashion Chanel
87%
Toy Lego
87%
Fashion Louis Vuitton
87%
Web & Apps Tik Tok
87%
Web & Apps Wikipedia
87%
Web & Apps Instagram
86%
Fashion Levis
86%
Car Volkswagen
86%
TV Channel BBC
84%
Web & Apps Chrome
84%
Drink Fanta
84%
Car Ferrari
84%
Car Mercedes
84%
Fashion Calvin Klein
83%
Entertainment Disney
83%
Drink Pepsi
83%
Electronics Sony
83%
Store Walmart
82%
Restaraunt Hard Rock
81%
Delivery Fedex
79%
TV Channel FOX
79%
Fashion Lacoste
79%
Finance Mastercard
79%
Fashion Tommy Hilfiger
79%
Car Chevrolet
78%
Fashion Loreal
78%
Car Suzuki
78%
TV Channel ABC
77%
Web & Apps Jetpunk
77%
Video Games Among Us
74%
Car Nissan
74%
Store Toys R Us
74%
Web & Apps Windows
74%
Video Games Sega
73%
Drink Corona
71%
Cosmetics Gillette
71%
Entertainment Pixar
71%
Car Porsche
71%
Video Games Rockstar
70%
Store Best Buy
68%
TV Channel CNN
68%
Drink Minute Maid
68%
Motorcycles Harley Davidson
66%
TV Channel NBC
64%
Cosmetics Garnier
62%
Web & Apps Steam
62%
Entertainment Dolby
60%
Electronics Atari
56%
Store Blockbuster
56%
Car GMC
55%
Fashion Reebok
53%
Petrol BP
52%
TV Channel CBS
49%
Petrol Chevron
48%
Electronics Cisco
39%
Fashion American Eagle
38%
Web & Apps Expedia
36%
Cosmetics Pantene
32%
No matching quizzes found
Score Distribution
Percent of People with Each Score
Percentile by Number Answered
Your Score History
You have not taken this quiz since the last reset